Normal view MARC view
  • TNAI Pub

Entry Personal Name

Number of records used in: 1

001 - CONTROL NUMBER

  • control field: 217303

003 - CONTROL NUMBER IDENTIFIER

  • control field: OSt

005 - DATE AND TIME OF LATEST TRANSACTION

  • control field: 20260325163604.0

008 - FIXED-LENGTH DATA ELEMENTS

  • fixed length control field: 260325|| aca||aabn | a|a d

040 ## - CATALOGING SOURCE

  • Original cataloging agency: OSt
  • Transcribing agency: OSt

100 ## - HEADING--PERSONAL NAME

  • Personal name: TNAI Pub

670 ## - SOURCE DATA FOUND

  • Source citation: Work cat.: (OSt)369101: TNAI Pub., Community Health Nursing Manual, 2021